000 00612nam a2200205 4500
001 136787
003 ES-MaACL
005 20230906195228.0
007 t|
008 070214n19501959sp r ||||1| spa d
100 1 _aSaget, J.
_9101435
245 1 3 _aLa fotografía astronómica /
_cJ. Saget ; traducción de Ernesto Guille.
260 _aBarcelona :
_bOmega,
_c[195_?]
300 _a63 p., 4 lám. :
_bil. ;
_c16 cm.
490 1 _aCol. foto biblioteca
700 1 _aGuille, Ernesto.
_960740
830 0 _aCol. foto biblioteca
_9187052
852 _aES-MaACL
_jC-10806
_bR.38278
999 _c136787
_d136787